000 00316nam a2200109 a 4500
005 20140408090027.0
008 021125s19uu xx 00 eng d
050 _aPHS '00
_bK95 #21
100 _aKua, Elliza Rolaine Arellano
245 _aPerceptions of high shool students to different fashion trends.
942 _cPASS
999 _c96358
_d96358